Filmographie de Jean-Paul Belmondo - Statistiques

Statistiques générales
  • Ce quiz a été pris 398 fois
  • Le résultat moyen est 20 sur 79
Statistiques - réponses
Année Réalisateur Film % Correct
1981 Georges Lautner Le Professionnel
84%
1982 Gérard Oury L'As des As
81%
1973 Philippe de Broca Le Magnifique
71%
1988 Claude Lelouch Itinéraire d'un enfant gâté
67%
1960 Jean-Luc Godard À bout de souffle
63%
1975 Henri Verneuil Peur sur la ville
63%
1970 Jacques Deray Borsalino
61%
1964 Philippe de Broca L'Homme de Rio
61%
1969 Gérard Oury Le Cerveau
60%
1983 Jacques Deray Le Marginal
60%
1980 Georges Lautner Le Guignolo
59%
1965 Jean-Luc Godard Pierrot le Fou
59%
1962 Henri Verneuil Un singe en hiver
58%
1979 Georges Lautner Flic ou Voyou
56%
1984 Georges Lautner Joyeuses Pâques
50%
1984 Henri Verneuil Les Morfalous
45%
1965 Philippe de Broca Les Tribulations d'un Chinois en Chine
43%
2008 Francis Huster Un homme et son chien
43%
1962 Philippe de Broca Cartouche
40%
1987 Jacques Deray Le Solitaire
39%
1968 Robert Enrico Ho !
38%
1977 Claude Zidi L'Animal
36%
1998 Patrice Leconte Une chance sur deux
35%
1985 Alexandre Arcady Hold-up
34%
1976 Henri Verneuil Le Corps de mon ennemi
34%
1976 Philippe Labro L'Alpagueur
33%
1961 Jean-Pierre Melville Léon Morin, prêtre
32%
1969 François Truffaut La Sirène du Mississipi
31%
1995 Claude Lelouch Les Misérables
31%
1972 Philippe Labro L'Héritier
31%
1975 Philippe de Broca L'Incorrigible
30%
1974 Alain Resnais Stavisky
30%
1962 Jean-Pierre Melville Le Doulos
29%
2000 Bertrand Blier Les Acteurs
27%
1971 Henri Verneuil Le Casse
26%
1971 Jean-Paul Rappeneau Les Mariés de l'an II
26%
1966 René Clément Paris brûle-t-il ?
26%
1964 Henri Verneuil Cent Mille Dollars au soleil
25%
1964 Henri Verneuil Week-end à Zuydcoote
23%
1972 José Giovanni La Scoumoune
21%
1967 Louis Malle Le Voleur
19%
1992 Georges Lautner L'Inconnu dans la maison
19%
1963 Jean-Pierre Melville L'Aîné des Ferchaux
17%
2000 Philippe de Broca Amazone
15%
1999 Cédric Klapisch Peut-être
15%
1969 Claude Lelouch Un homme qui me plaît
15%
1967 Val Guest et John Huston Casino Royale
14%
1972 Claude Chabrol Docteur Popaul
13%
1961 Jean-Luc Godard Une femme est une femme
11%
1960 Claude Sautet Classe tous risques
10%
1957 Marc Allégret Sois belle et tais-toi
10%
1996 Bernard Murat Désiré
9%
1961 Jean Becker Un nommé La Rocca
8%
1960 Michel de Libero La ciociara
7%
1958 Marcel Carné Les Tricheurs
7%
1966 Jean Becker Tendre Voyou
7%
1995 Agnès Varda Les Cent et Une Nuits de Simon Cinéma
6%
1957 Henri Aisner Les Copains du dimanche
6%
1959 Claude Chabrol À double tour
5%
1957 Maurice Delbez À pied, à cheval et en voiture
5%
1964 Édouard Molinaro La Chasse à l'homme
5%
1959 Géza von Radványi Mademoiselle Ange
5%
1960 Peter Brook Moderato cantabile
4%
1965 Jacques Deray Par un beau matin d'été
4%
1963 Marcel Ophüls Peau de banane
4%
1958 Marc Allégret Un drôle de dimanche
4%
1963 Jacques Baratier Dragées au poivre
3%
2011 Claude Lelouch D'un film à l'autre
3%
1964 Jean Becker Échappement libre
3%
1960 Henri Verneuil La Française et l'Amour
3%
1963 Renato Castellani La Mer à boire
3%
1960 Giuliano Verdi La Novice
3%
1962 Sergio Corbucci Le Jour le plus court
3%
1961 Mauro Bolognini Le Mauvais Chemin
3%
1961 Michel Boisrond Les Amours célèbres
3%
1960 Jacques Dupont Les Distractions
3%
1964 Vittorio Sala Les Don Juan de la Côte d'Azur
2%
1961 Wolfgang Becker Scandale sur la Riviera
2%
1966 René Gainville Le Démoniaque de René Gainville
0%
Aucun quiz correspondant
Distribution des résultats
% des personnes avec chaque résultat
Percentile par nombre de réponses
Votre historique - résultats
Vous n’avez pas pris ce quiz